| 000 | 00000nam##2200000za#4500 |
| 001 | 9.614886 |
| 003 | CaOODSP |
| 005 | 20240527135427 |
| 007 | ta |
| 008 | 150406|2000||||xxc||||| f|0| 0 eng|d |
| 020 | |a0-662-28024-5 |
| 022 | |a0831-6481 |
| 040 | |aCaOODSP|beng |
| 043 | |an-cn--- |
| 086 | 1 |aCW69-5/337E |
| 110 | 2 |aCanadian Wildlife Service. |
| 245 | 10|aMethods for the determination of metals in wildlife tissues using various atomic absorption spectrophotometry techniques / |cby E. A. Neugebauer, G. L. Sans Cartier and B. J. Wakeford. |
| 260 | |aOttawa - Ontario : |bEnvironment Canada. |c2000. |
| 300 | |aiv, 116p. in various pagings. ; |c28 cm. |
| 490 | 1 |aTechnical report series|x0831-6481|v337 |
| 546 | |aRésumés en français |
| 563 | |aSpiral binding |
| 590 | |a00-35|b2000-09-01 |
| 690 | 07|aWildlife|2gcpds |
| 690 | 07|aToxicology|2gcpds |
| 720 | 1 |aNeugebauer, E. A. |
| 720 | 1 |aSans Cartier, G. L. |
| 720 | 1 |aWakeford, B. J. |
| 776 | 0#|tMethods for the determination of metals in wildlife tissues using various atomic absorption spectrophotometry techniques / |w(CaOODSP)9.571423 |
| 830 | #0|aTechnical report series,|x0831-6481|v337|w(CaOODSP)9.514492 |